00896nam a22002417a 450000500170000001000130001702000230003003500130005303700160006604000120008208200180009410000330011224501290014524600920027426000640036627000840043030000200051465000230053465000250055765000240058265000170060670000310062320170123162315.0 aA-845943 c120.00a8126002832 aA-845943 bCen Lib/Ret aDPLbUR a841bف ر ا aفراق گورکھپوری  aانتخاب-ا- کلام فراق گورکھپوری /bفراق گورکھپوری ؛ مرتب ابل کلام قاسمی  aIntekhab-e-kalam Firaq Gorakhpuri /bby Firaq Gorakhpuri; compiled by Abul Kalam Qasmi  aنیو دہلی bاردو ساہتیہ اکادمی c1997 bنیو دہلی aرویندرا بھون، فیروز شاہ مارغ e110001 a288p.c21cm(Hb) a ادب - اردو a اردو شاعری aLiterature -- Urdu  aUrdu poetry  aابل کلام قاسمی